| 000 | 01509cam a2200277 4500 | ||
|---|---|---|---|
| 008 | 040520n2004 000 0 eng u | ||
| 020 | _a1845320093 | ||
| 035 | _a(Sirsi) u126245 | ||
| 041 | _aeng | ||
| 050 |
_a338.6042 _c18 |
||
| 100 |
_aLyons, Michael Thomas _cSir _d1949- |
||
| 240 | _aLyons review | ||
| 245 | _aWell placed to deliver? Shaping the pattern of government service: independent review of public sector relocation | ||
| 260 |
_aLondon _bHM Treasury _c2004 |
||
| 520 | _aThe final report of Sir Michael Lyon's independent study into the scope for relocating a substantial number of public sector activities from London and southeast England to other parts of the United Kingdom. Key aims of relocation would be to improve the delivery and efficiency of public services and the regional balance of economic activities. The report recommends that government departments urgently take forward their relocation plans for 20 000 jobs in the 2004 Spending Review and concludes that the pattern of government must be reshaped. View at www.hm-treasury.gov.uk. | ||
| 650 | _aOFFICE RELOCATION | ||
| 650 | _aPUBLIC SECTOR | ||
| 650 | _aCIVIL SERVICE | ||
| 650 | _aLYONS REVIEW | ||
| 650 | _aGOVERNMENT DEPARTMENTS | ||
| 650 | _aGOVERNMENT BUILDINGS | ||
| 650 | _aRELOCATION | ||
| 690 | _aPROPERTY-COMMERCIAL PROPERTY | ||
| 856 |
_uhttps://www.hm-treasury.gov.uk/Consultations_and_Legislation/Lyons/consult_lyons_index.cfm _zView the report on the HM Treasury website... |
||
| 942 | _n0 | ||
| 999 |
_c103587 _d103587 |
||